header

Growth, trade & systemic leadership (Record no. 104001)

MARC details
000 -LEADER
fixed length control field 01526nam a22004094a 4500
082 04 - DEWEY DECIMAL CLASSIFICATION NUMBER
Classification number 382
100 1# - MAIN ENTRY--AUTHOR NAME
Personal name Reuveny, Rafael.
245 10 - TITLE STATEMENT
Title Growth, trade & systemic leadership
260 ## - PUBLICATION, DISTRIBUTION, ETC. (IMPRINT)
Place of publication Ann Arbor :
Name of publisher University of Michigan Press,
Year of publication c2004.
300 ## - PHYSICAL DESCRIPTION
Number of Pages 286 p. :
Other physical details ill.
650 #0 - SUBJECT ADDED ENTRY--TOPICAL TERM
Topical Term International trade.
Topical Term Tariff.
Topical Term Protectionism.
Topical Term Economic development.
Topical Term Leadership.
Topical Term Free trade
700 1# - ADDED ENTRY--PERSONAL NAME
Personal name Thompson, William R.
856 40 - ELECTRONIC LOCATION AND ACCESS
Uniform Resource Identifier http://site.ebrary.com/lib/rucke/Doc?id=10360131

No items available.

© 2026 Rongo University
Contact us: librarian | system librarian | Rongo university